Southville International School and Colleges
Your cart is empty.
  • Cart
  • Lists
    Public lists Eva Luna New books Lux_list list_1
    Your lists Log in to create your own lists
  • Log in to your account
  • Your cookies
  • Search history
Southville International School and Colleges
  • Advanced search
  • Recent comments
  • Most popular
  • Libraries

Log in to your account

Log in with GOOGLE


If you do not have an external account, but do have a local account, you can still log in:

  1. Home
  2. MARC view: Bulaklak sa city jail /
Normal view MARC view ISBD view

Bulaklak sa city jail / (Record no. 293562)

[ view plain ]
MARC details
000 -LEADER
fixed length control field 00560nam a2200217Ia 4500
008 - FIXED-LENGTH DATA ELEMENTS--GENERAL INFORMATION
fixed length control field 160418s9999 xx 000 0 und d
020 ## - INTERNATIONAL STANDARD BOOK NUMBER
International Standard Book Number 971-584-434-0
050 ## - LIBRARY OF CONGRESS CALL NUMBER
Classification number FIL PL 6058.9
050 ## - LIBRARY OF CONGRESS CALL NUMBER
Item number .B38B85 2006
100 ## - MAIN ENTRY--PERSONAL NAME
Personal name Bautista, Lualhati.
245 ## - TITLE STATEMENT
Title Bulaklak sa city jail /
245 ## - TITLE STATEMENT
Statement of responsibility, etc Lualhati Bautista.
260 ## - PUBLICATION, DISTRIBUTION, ETC. (IMPRINT)
Place of publication, distribution, etc Quezon City:
260 ## - PUBLICATION, DISTRIBUTION, ETC. (IMPRINT)
Name of publisher, distributor, etc C & E Pub. Inc.,
260 ## - PUBLICATION, DISTRIBUTION, ETC. (IMPRINT)
Date of publication, distribution, etc 2006
300 ## - PHYSICAL DESCRIPTION
Extent 307 pages :
300 ## - PHYSICAL DESCRIPTION
Other physical details illustrations ;
300 ## - PHYSICAL DESCRIPTION
Dimensions 19 cm.
650 ## - SUBJECT ADDED ENTRY--TOPICAL TERM
Topical term or geographic name as entry element Philippine fiction (Tagalog).
650 ## - SUBJECT ADDED ENTRY--TOPICAL TERM
General subdivision Novel -- Philippines.
Holdings
Withdrawn status Lost status Damaged status Home library Current library Shelving location Date acquired Total Checkouts Full call number Barcode Date last seen Price effective from Koha item type
      South Mansfield College South Mansfield College Filipiniana Section 09/21/2006   FIL PL 6058.9 .B38B85 2006 SMC03446 04/18/2016 04/18/2016  

Bulaklak sa city jail /

APA

Bautista L., .Bulaklak sa city jail. Quezon City: .

Chicago

Bautista Lualhati, .Bulaklak sa city jail. Quezon City: .

Harvard

Bautista L., .Bulaklak sa city jail. Quezon City: .

MLA

Bautista Lualhati, .Quezon City: . .

  • Place hold
  • Print
  • Cite
  • Add to your cart (remove)
  • Save record
    BIBTEX Dublin Core MARCXML MARC (non-Unicode/MARC-8) MARC (Unicode/UTF-8) MARC (Unicode/UTF-8, Standard) MODS (XML) RIS
  • More searches
    Search for this title in:
    Other Libraries (WorldCat) Other Databases (Google Scholar) Online Stores (Bookfinder.com) Open Library (openlibrary.org)

Exporting to Dublin Core...

SOUTHVILLE LIBRARY

Southville International School and Colleges Library

1281 Tropical Ave. Cor. Luxembourg St., BF Homes International, Las Pinas City

Tel. No. 8256374 / 252358 Loc. 117/146

Powered by Koha